Khái niệm phân tầng xã hội và cách tiếp cận trong việc đo lường các tầng lớp xã hội/

Αποθηκεύτηκε σε:
Λεπτομέρειες βιβλιογραφικής εγγραφής
Κύριος συγγραφέας: Đỗ Thiên Kính. TS.
Μορφή: Άρθρο
Γλώσσα:Vietnamese
Θέματα:
Ετικέτες: Προσθήκη ετικέτας
Δεν υπάρχουν, Καταχωρήστε ετικέτα πρώτοι!
Thư viện lưu trữ: Thư viện Trường Đại học Đà Lạt
LEADER 00834nam a2200265 4500
001 DLU140163514
005 ##20140827
040 # # |a DLU  |b vie 
041 # # |a vie 
044 # # |a vn 
100 # # |a Đỗ Thiên Kính.   |c TS. 
245 # # |a Khái niệm phân tầng xã hội và cách tiếp cận trong việc đo lường các tầng lớp xã hội/  |c Đỗ Thiên Kính. 
653 # # |a Đẳng cấp 
653 # # |a Cấu trúc xã hội 
653 # # |a Phân tầng xã hội 
773 # # |t Tạp chí Xã hội học  |g Số 1(121), 2013, tr. 91-103 
920 # # |a Phòng Tạp chí -- Trung tâm Thông tin - Thư viện Trường Đại học Đà Lạt 
994 # # |a DLU 
900 # # |a True 
911 # # |a Trần Thị Minh Hương 
925 # # |a G 
926 # # |a A 
927 # # |a BB 
980 # # |a Thư viện Trường Đại học Đà Lạt